| 000 | 01301cam a2200349 a 4500 | ||
|---|---|---|---|
| 001 | 4033994 | ||
| 003 | ARRUPE | ||
| 005 | 20220421083239.0 | ||
| 008 | 980610s2000 nyuab b 001 0 eng | ||
| 010 | _a 98026360 | ||
| 020 | _a0865475296 (alk. paper) | ||
| 040 |
_aDLC _cDLC _dDLC |
||
| 041 | 1 |
_aeng _hfre |
|
| 050 | 0 | 0 |
_aGN281 _b.C385 2000 |
| 082 | 0 | 0 |
_a599.93/8 _221 |
| 100 | 1 |
_aCavalli-Sforza, L. L. _q(Luigi Luca), _d1922-2018. _951346 |
|
| 240 | 1 | 0 |
_aGènes, peuples et langues. _lEnglish |
| 245 | 1 | 0 |
_aGenes, peoples, and languages / _cLuigi Luca Cavalli-Sforza ; translated by Mark Seielstad. |
| 250 | _a1st ed. | ||
| 260 |
_aNew York : _bNorth Point Press, _c2000. |
||
| 300 |
_axii, 227 p. : _bill. ; _c22 cm. |
||
| 500 | _aRev. translation of: Gènes, peuples et langues. | ||
| 504 | _aIncludes bibliographical references (p. 209-214) and index. | ||
| 650 | 0 | _aHuman evolution. | |
| 650 | 0 | _aHuman population genetics. | |
| 650 | 0 |
_aFossil hominids. _943793 |
|
| 650 | 0 |
_aLanguage and languages _xOrigin. _914516 |
|
| 906 |
_a7 _bcbc _corignew _d1 _eocip _f19 _gy-gencatlg |
||
| 942 |
_2lcc _cMONOGRAPH |
||
| 999 |
_c131311 _d131311 |
||